[Event "Elit(Upsala-Manhem)"]
[Site "?"]
[Date "2009.03.13"]
[Round "9"]
[White "Svensson, Mans"]
[Black "Welin, Mats"]
[Result "1/2-1/2"]
[WhiteElo "2242"]
[BlackElo "2323"]
[PlyCount "109"]

1. d4 Nf6 2. c4 e6 3. Nc3 Bb4 4. Nf3 c5 5. g3 b6 6. Bg2 Bb7 7. O-O cxd4 8. Qxd4
Nc6 9. Qf4 O-O 10. Rd1 Rc8 11. Bd2 a6 12. Rac1 Be7 13. g4 Na5 14. b3 d6 15. g5
Ne8 16. Qg3 Bc6 17. Bf4 Qd7 18. Bh3 Ba8 19. Nd5 Bxd5 20. cxd5 Rxc1 21. Bxc1 Nc7
22. Bb2 Qb5 23. dxe6 Nxe6 24. Bxe6 fxe6 25. Nd4 Qd5 26. Qg2 Qxg2+ 27. Kxg2 e5
28. Ne6 Rc8 29. Rc1 Rc6 30. h4 Rxc1 31. Bxc1 Nb7 32. Nc7 a5 33. Be3 Nc5 34.
Bxc5 bxc5 35. Kf3 Bd8 36. Nd5 Kf7 37. Ke4 Ke6 38. e3 h6 39. f4 exf4 40. Nxf4+
Kd7 41. Kf5 hxg5 42. hxg5 a4 43. e4 Ba5 44. Nh5 Bc3 45. Kg6 Ke6 46. Nxg7+ Ke5
47. Ne8 axb3 48. axb3 Kxe4 49. Nxd6+ Kd3 50. Kf7 Kc2 51. Ne4 Bd4 52. g6 Kxb3
53. Nxc5+ Kc4 54. Nd7 Bh8 55. g7 1/2-1/2

[Event "Elit(LASK-Rockaden)"]
[Site "?"]
[Date "2009.03.13"]
[Round "9"]
[White "Nielsen, Peter Heine"]
[Black "Tikkanen, Hans"]
[Result "1-0"]
[WhiteElo "2710"]
[BlackElo "2501"]
[PlyCount "83"]

1. d4 d5 2. c4 e5 3. dxe5 d4 4. Nf3 Nc6 5. a3 Be6 6. Nbd2 Nge7 7. Nb3 Nf5 8.
Qd3 a5 9. Bf4 a4 10. Nbd2 Bc5 11. g3 Nfe7 12. Ne4 Bb6 13. Bg2 Ng6 14. O-O Ra5
15. Rac1 Bf5 16. Bd2 Ncxe5 17. Nd6+ Qxd6 18. Qxf5 Nxf3+ 19. Qxf3 Re5 20. Qxb7
O-O 21. Qc6 Rxe2 22. Bb4 Qxc6 23. Bxc6 Ne5 24. Bxf8 Kxf8 25. c5 Ba5 26. Bxa4
Rxb2 27. Rb1 Ra2 28. Ra1 Re2 29. f4 Nc4 30. Bb5 Rc2 31. Rfc1 Rxc1+ 32. Rxc1
Nxa3 33. Bd3 Bc3 34. Kf2 Ke7 35. Bxh7 g6 36. f5 g5 37. f6+ Kxf6 38. Bd3 Ke5 39.
Ke2 f5 40. h4 gxh4 41. gxh4 Kf4 42. Rg1 1-0

[Event "Elit(LASK-Rockaden)"]
[Site "?"]
[Date "2009.03.13"]
[Round "9"]
[White "Grandelius, Nils"]
[Black "Cmilyte, Viktorija"]
[Result "1/2-1/2"]
[WhiteElo "2525"]
[BlackElo "2547"]
[PlyCount "84"]

1. e4 c5 2. Nf3 Nc6 3. d4 cxd4 4. Nxd4 Nf6 5. Nc3 e5 6. Ndb5 d6 7. Bg5 a6 8.
Na3 b5 9. Nd5 Be7 10. Bxf6 Bxf6 11. c3 Bg5 12. Nc2 Rb8 13. a4 bxa4 14. Ncb4
Nxb4 15. Nxb4 Bd7 16. Bxa6 Qa5 17. Bd3 d5 18. O-O d4 19. Bc2 Ra8 20. Nd5 O-O
21. cxd4 Bd2 22. Qe2 exd4 23. Rfd1 Bg5 24. Rxd4 Rfc8 25. Nc3 Qb6 26. Rxd7 Qxb2
27. Rxa4 Qxc3 28. Rxa8 Rxa8 29. g3 g6 30. Rd3 Ra1+ 31. Kg2 Qc7 32. Bb3 Bf6 33.
Rf3 Qe5 34. Bd5 Kg7 35. Rb3 Ra7 36. Rb5 Qe7 37. Bb3 Rb7 38. e5 Kg8 39. f4 Bg7
40. Rxb7 Qxb7+ 41. Qf3 Qxf3+ 42. Kxf3 Bf8 1/2-1/2

[Event "Elit(LASK-Rockaden)"]
[Site "?"]
[Date "2009.03.13"]
[Round "9"]
[White "Karlsson, Lars"]
[Black "Lund, Esben"]
[Result "0-1"]
[WhiteElo "2508"]
[BlackElo "2481"]
[PlyCount "75"]

1. f4 g6 2. Nf3 Bg7 3. g3 c5 4. Bg2 Nc6 5. d3 d6 6. Nc3 Nh6 7. e4 O-O 8. h3 f5
9. Bd2 Rb8 10. Qe2 b5 11. O-O b4 12. Nd1 Qc7 13. Kh2 Bd7 14. c3 bxc3 15. bxc3
Nf7 16. exf5 gxf5 17. Ne3 e6 18. Kh1 d5 19. g4 fxg4 20. Nxg4 h5 21. Ne3 Rb2 22.
Ng5 Nxg5 23. fxg5 Qe5 24. Rxf8+ Bxf8 25. Qxh5 Qh8 26. Qxh8+ Kxh8 27. Be1 Ne5
28. c4 d4 29. Be4 Bd6 30. Nd1 Re2 31. Bg3 Nxc4 32. Bf3 Rc2 33. Bxd6 Nxd6 34.
Kg1 c4 35. dxc4 Nxc4 36. Rb1 Nb6 37. Nf2 Kg7 38. h4 0-1

[Event "Elit(LASK-Rockaden)"]
[Site "?"]
[Date "2009.03.13"]
[Round "9"]
[White "Smith, Axel"]
[Black "Barkhagen, Jonas"]
[Result "1/2-1/2"]
[WhiteElo "2426"]
[BlackElo "2535"]
[PlyCount "69"]

1. Nf3 Nf6 2. c4 b6 3. g3 c5 4. Bg2 Bb7 5. O-O g6 6. Nc3 Bg7 7. d4 Ne4 8. Nd5
O-O 9. Ng5 Nxg5 10. Bxg5 Bxd5 11. Bxd5 Nc6 12. dxc5 bxc5 13. Bxc6 dxc6 14. Qxd8
Rfxd8 15. Rad1 Kf8 16. b3 Ke8 17. Bf4 Bc3 18. Kg2 Bb4 19. a4 f6 20. Kf3 Rxd1
21. Rxd1 Rd8 22. Rxd8+ Kxd8 23. g4 e5 24. Bg3 Bc3 25. Ke4 Kd7 26. f4 exf4 27.
Bxf4 Ke6 28. Bb8 a6 29. h3 Ba5 30. Bg3 Bd8 31. Bf2 Be7 32. Bg1 Bd6 33. Bf2 Be7
34. Bg1 Bd6 35. Bf2 1/2-1/2

[Event "Elit(LASK-Rockaden)"]
[Site "?"]
[Date "2009.03.13"]
[Round "9"]
[White "Hermansson, Emil"]
[Black "Semcesen, Daniel"]
[Result "1/2-1/2"]
[WhiteElo "2474"]
[BlackElo "2403"]
[PlyCount "51"]

1. e4 e5 2. Nf3 Nc6 3. Bb5 a6 4. Ba4 Nf6 5. O-O Be7 6. Re1 b5 7. Bb3 d6 8. c3
O-O 9. h3 h6 10. d4 Re8 11. Nbd2 Bf8 12. Bc2 Bd7 13. Nf1 Na5 14. Ng3 Nc4 15. a4
c5 16. b3 Na5 17. d5 bxa4 18. b4 cxb4 19. cxb4 Nb3 20. Bxb3 axb3 21. Qxb3 a5
22. bxa5 Rxa5 23. Bd2 Rb5 24. Qa3 Qb8 25. Rec1 Be7 26. Be3 1/2-1/2

[Event "Elit(LASK-Rockaden)"]
[Site "?"]
[Date "2009.03.13"]
[Round "9"]
[White "Bejtovic, Jasmin"]
[Black "Blomqvist, Erik"]
[Result "1-0"]
[WhiteElo "2337"]
[BlackElo "2502"]
[PlyCount "47"]

1. e4 c5 2. Nf3 e6 3. d4 cxd4 4. Nxd4 a6 5. Nc3 Qc7 6. Be2 b5 7. O-O Bb7 8. Re1
Be7 9. Bf3 d6 10. Bf4 e5 11. Nf5 exf4 12. e5 dxe5 13. Bxb7 Qxb7 14. Rxe5 Qc7
15. Qd5 Kf8 16. Nxe7 Nxe7 17. Rxe7 Qxe7 18. Qxa8 Qe5 19. Kf1 g6 20. Re1 Qc7 21.
Qe4 Nc6 22. Nd5 Qd6 23. Qxf4 Qxd5 24. Qh6+ 1-0

[Event "Elit(LASK-Rockaden)"]
[Site "?"]
[Date "2009.03.13"]
[Round "9"]
[White "Hedman, Erik"]
[Black "Olsson, Linus"]
[Result "1/2-1/2"]
[WhiteElo "2420"]
[BlackElo "2413"]
[PlyCount "45"]

1. e4 c5 2. Nf3 d6 3. d4 cxd4 4. Nxd4 Nf6 5. Nc3 a6 6. g3 Bd7 7. Bg2 Nc6 8. O-O
e6 9. a4 Be7 10. Nb3 Qc7 11. f4 O-O 12. g4 Bc8 13. g5 Nd7 14. Kh1 Re8 15. Qe2
b6 16. Qf2 Bb7 17. Be3 Nb4 18. Rad1 Rac8 19. Rd4 Nc6 20. Rd2 Nb4 21. Rd4 Nc6
22. Rd2 Nb4 23. Rd4 1/2-1/2

[Event "Elit(LASK-Rockaden)"]
[Site "?"]
[Date "2009.03.13"]
[Round "9"]
[White "Gajic, Mladen"]
[Black "Olsson, Anders"]
[Result "0-1"]
[WhiteElo "2268"]
[BlackElo "2468"]
[PlyCount "39"]

1. e4 e6 2. d4 d5 3. e5 c5 4. c3 Qb6 5. Nf3 Nc6 6. Be2 Nh6 7. Na3 cxd4 8. cxd4
Bb4+ 9. Kf1 O-O 10. Nc2 Be7 11. g4 Bd7 12. Rg1 f6 13. exf6 Rxf6 14. g5 Rxf3 15.
gxh6 Rf7 16. Bd3 Ne5 17. Bxh7+ Kxh7 18. Qh5 g5 19. Rg3 Raf8 20. Be3 0-1

[Event "Elit(Vasteras-Orgryte)"]
[Site "?"]
[Date "2009.03.13"]
[Round "9"]
[White "Ziegler, Ari"]
[Black "Akesson, Ralf"]
[Result "0-1"]
[WhiteElo "2427"]
[BlackElo "2511"]
[PlyCount "78"]

1. d4 Nf6 2. Nf3 e6 3. e3 b6 4. Bd3 Bb7 5. Nbd2 c5 6. O-O Nc6 7. b3 cxd4 8.
exd4 Nb4 9. Be2 Nbd5 10. Bb2 Bb4 11. c4 Nf4 12. a3 Be7 13. Re1 Nxe2+ 14. Qxe2
O-O 15. d5 Re8 16. dxe6 dxe6 17. Ne5 Qc7 18. Ndf3 Ne4 19. Qc2 f6 20. Nd3 Rad8
21. Re3 e5 22. Nh4 b5 23. Nf5 bxc4 24. bxc4 Bf8 25. Rae1 Qd7 26. Ng3 Nc5 27.
Nxc5 Bxc5 28. R3e2 Qc6 29. Qe4 Rd3 30. Qxc6 Bxc6 31. Ra1 Red8 32. Nf1 Be8 33.
Ne3 Bh5 34. Ree1 Rb8 35. Bc1 Bd4 36. Ra2 Rb1 37. Kf1 Bf7 38. Rc2 Bg6 39. Rd2
Rxc1 0-1

[Event "Elit(Vasteras-Orgryte)"]
[Site "?"]
[Date "2009.03.13"]
[Round "9"]
[White "Sjodahl, Pontus"]
[Black "Hultin, Johan"]
[Result "1/2-1/2"]
[WhiteElo "2505"]
[BlackElo "2306"]
[PlyCount "53"]

1. d4 d5 2. c4 c6 3. Nf3 Nf6 4. Qc2 dxc4 5. Qxc4 Bf5 6. g3 e6 7. Bg2 Be7 8. O-O
O-O 9. Bg5 Nbd7 10. Nbd2 h6 11. Bxf6 Bxf6 12. Qb3 Qb6 13. Nc4 Qxb3 14. axb3 Be7
15. Rfc1 Rfc8 16. Na5 Rc7 17. Nd2 Rac8 18. Nac4 a6 19. Ne4 Rd8 20. e3 Bxe4 21.
Bxe4 f5 22. Bg2 Nf6 23. Nb6 Nd7 24. Nc4 Nf6 25. Nb6 Nd7 26. Nc4 Nf6 27. Nb6
1/2-1/2

[Event "Elit(Vasteras-Orgryte)"]
[Site "?"]
[Date "2009.03.13"]
[Round "9"]
[White "Frisk Kockum, Anton"]
[Black "Eriksson, Johan"]
[Result "1/2-1/2"]
[WhiteElo "2280"]
[BlackElo "2441"]
[PlyCount "63"]

1. d4 Nf6 2. Nf3 g6 3. c4 Bg7 4. Nc3 O-O 5. e4 d6 6. Be2 e5 7. O-O Nc6 8. d5
Ne7 9. Ne1 Nd7 10. Nd3 f5 11. Bd2 Nf6 12. f3 f4 13. g4 g5 14. c5 h5 15. h3 Ng6
16. Be1 Kf7 17. cxd6 cxd6 18. Kg2 Rh8 19. Rc1 hxg4 20. hxg4 Nh5 21. Rh1 Ng3 22.
Bxg3 fxg3 23. Nb5 Qb6 24. Rxh8 Bxh8 25. Qg1 Nh4+ 26. Kh3 Qxb5 27. Nxe5+ Bxe5
28. Bxb5 Ng6 29. Kg2 Nh4+ 30. Kh3 Ng6 31. Kg2 Nh4+ 32. Kh3 1/2-1/2

[Event "Elit(Vasteras-Orgryte)"]
[Site "?"]
[Date "2009.03.13"]
[Round "9"]
[White "Eriksson, Anders"]
[Black "Arnelind, Mikael"]
[Result "1-0"]
[WhiteElo "2367"]
[BlackElo "2293"]
[PlyCount "86"]

1. Nf3 Nf6 2. c4 c5 3. Nc3 Nc6 4. g3 g6 5. Bg2 Bg7 6. d4 cxd4 7. Nxd4 Nxd4 8.
Qxd4 O-O 9. O-O d6 10. Qd3 Bf5 11. e4 Be6 12. Bd2 Nd7 13. b3 Ne5 14. Qe2 Bg4
15. f3 Be6 16. Rac1 Nc6 17. Nd5 Qd7 18. Nf4 Rfd8 19. Nxe6 Qxe6 20. h4 d5 21.
cxd5 Rxd5 22. Be3 Rdd8 23. f4 Nd4 24. Qf2 Qa6 25. Rc4 Nc6 26. e5 Rac8 27. Rfc1
e6 28. Bf1 Qa5 29. b4 Qd5 30. b5 Ne7 31. Bxa7 Rxc4 32. Bxc4 Qe4 33. Qe3 Qxe3+
34. Bxe3 h5 35. a4 Nf5 36. Bf2 Ra8 37. Ra1 Bf8 38. a5 Bb4 39. a6 bxa6 40. bxa6
Bc3 41. Rd1 Ba5 42. Kg2 Bc3 43. Rd7 Kf8 1-0

[Event "Elit(Vasteras-Orgryte)"]
[Site "?"]
[Date "2009.03.13"]
[Round "9"]
[White "Virolainen, Victor"]
[Black "Norberg, Johan"]
[Result "0-1"]
[WhiteElo "2214"]
[BlackElo "2364"]
[PlyCount "40"]

1. d4 d6 2. c4 e5 3. Nc3 exd4 4. Qxd4 Nc6 5. Qe3+ Be6 6. b3 Nf6 7. Qd2 d5 8.
cxd5 Nxd5 9. Bb2 Nxc3 10. Bxc3 Qxd2+ 11. Kxd2 O-O-O+ 12. Kc2 Ba3 13. e4 f5 14.
e5 Nb4+ 15. Bxb4 Bxb4 16. Bd3 Rd5 17. Nf3 Rc5+ 18. Kd1 Rd8 19. Ke2 g5 20. Rac1
g4 0-1

[Event "Elit(Vasteras-Orgryte)"]
[Site "?"]
[Date "2009.03.13"]
[Round "9"]
[White "Eksmyr, Johan"]
[Black "Nilsson, Andre"]
[Result "1-0"]
[WhiteElo "2156"]
[BlackElo "2333"]
[PlyCount "89"]

1. d4 g6 2. Nf3 Bg7 3. Bf4 Nf6 4. h3 O-O 5. e3 d6 6. Be2 Nbd7 7. O-O b6 8. a4
a5 9. Nbd2 Re8 10. Nc4 Bb7 11. Bh2 Ne4 12. Nfd2 e5 13. dxe5 dxe5 14. Nxe4 Bxe4
15. f3 Bb7 16. e4 Qe7 17. c3 Nf8 18. Qc2 Ne6 19. Rfd1 Nf4 20. Bf1 Bc6 21. Kh1
g5 22. Ne3 Bf8 23. g3 Ng6 24. Nf5 Qf6 25. Bg1 h5 26. Be2 Ne7 27. Nxe7+ Bxe7 28.
Be3 Kg7 29. Kg2 Rh8 30. Rh1 Rad8 31. g4 Rh7 32. h4 gxh4 33. g5 Qg6 34. Kf2 Kh8
35. Rag1 Rg8 36. b3 f6 37. Bc4 fxg5 38. Bxg8 Kxg8 39. Bxg5 Bxg5 40. Rxg5 Qxg5
41. Rg1 Qxg1+ 42. Kxg1 Rg7+ 43. Kh2 Rf7 44. Qd2 Kf8 45. Qh6+ 1-0

[Event "Elit(Vasteras-Orgryte)"]
[Site "?"]
[Date "2009.03.13"]
[Round "9"]
[White "Norberg, Erik"]
[Black "Tibell, Ingemar"]
[Result "1/2-1/2"]
[WhiteElo "2289"]
[BlackElo "2003"]
[PlyCount "59"]

1. g3 d5 2. Bg2 Nf6 3. Nf3 g6 4. d3 Bg7 5. O-O O-O 6. Nbd2 c5 7. e4 Nc6 8. Re1
Bg4 9. h3 Bxf3 10. Bxf3 e6 11. Bg2 Rc8 12. f4 dxe4 13. Nxe4 Nxe4 14. Bxe4 Qc7
15. c3 Rfd8 16. Qe2 b6 17. Be3 Ne7 18. Bf2 h5 19. Rf1 Nd5 20. h4 Nf6 21. Bf3
Nd5 22. Rad1 Rd7 23. Kh1 Rcd8 24. Bg1 Ne7 25. Bh2 Nf5 26. Be4 Nd6 27. Bg2 Bf6
28. Rfe1 Kg7 29. Bf3 Nf5 30. Rg1 1/2-1/2

[Event "Elit(Sollentuna-Skara)"]
[Site "?"]
[Date "2009.03.13"]
[Round "9"]
[White "Cicak, Slavko"]
[Black "Ivanov, Sergej"]
[Result "1-0"]
[WhiteElo "2596"]
[BlackElo "2622"]
[PlyCount "83"]

1. e4 c5 2. Nf3 Nc6 3. Bb5 d6 4. c3 Bd7 5. d4 a6 6. Bxc6 Bxc6 7. d5 Bd7 8. O-O
Nf6 9. e5 dxe5 10. Nxe5 g6 11. Bg5 Bg7 12. Re1 O-O 13. c4 b5 14. Nc3 h6 15. Bh4
bxc4 16. Qe2 Rb8 17. Rad1 Re8 18. Nxc4 Rb4 19. a3 Rb3 20. Ne5 Qc8 21. Qc2 Qb7
22. Nc4 Bf5 23. Qc1 g5 24. Na5 Rxc3 25. Qxc3 Qb5 26. Bg3 Nxd5 27. Qc4 Be6 28.
Qxb5 axb5 29. Be5 Nb6 30. Bxg7 Kxg7 31. Nb7 Na4 32. Rd8 Rxd8 33. Nxd8 Bb3 34.
Nb7 Kf6 35. Rc1 c4 36. Na5 Ke5 37. Re1+ Kd4 38. Re3 Bc2 39. b3 Nc5 40. bxc4
bxc4 41. Nc6+ Kd5 42. Nb4+ 1-0

[Event "Elit(Sollentuna-Skara)"]
[Site "?"]
[Date "2009.03.13"]
[Round "9"]
[White "Agrest, Evgenij"]
[Black "Djurhuus, Rune"]
[Result "1/2-1/2"]
[WhiteElo "2692"]
[BlackElo "2561"]
[PlyCount "65"]

1. Nf3 Nf6 2. c4 g6 3. Nc3 Bg7 4. d4 O-O 5. Bg5 h6 6. Bh4 d6 7. e3 c5 8. Be2
Bf5 9. O-O Ne4 10. Qb3 Nxc3 11. bxc3 Qc7 12. Bg3 Nc6 13. d5 Na5 14. Qa3 b6 15.
Nd2 b5 16. e4 Bd7 17. Qc1 Nxc4 18. Nxc4 bxc4 19. a4 e5 20. Bxc4 f5 21. f3 f4
22. Be1 g5 23. Rf2 Rfb8 24. Rb2 Rxb2 25. Qxb2 Rb8 26. Qe2 Qb6 27. Kf1 Bc8 28.
Bd3 Qb2 29. Qd1 Qb3 30. Bc2 Qb6 31. Rb1 Qc7 32. Bd3 Bf6 33. Qc1 1/2-1/2

[Event "Elit(Sollentuna-Skara)"]
[Site "?"]
[Date "2009.03.13"]
[Round "9"]
[White "Mohammadi, Amir"]
[Black "Poley, Vladimir"]
[Result "1/2-1/2"]
[WhiteElo "2324"]
[BlackElo "2484"]
[PlyCount "73"]

1. e4 g6 2. Nc3 Bg7 3. g3 Nc6 4. Bg2 d6 5. d3 Rb8 6. a4 a6 7. f4 b5 8. axb5
axb5 9. h3 Bd7 10. Nf3 Nd4 11. O-O Qc8 12. Kh2 h5 13. Nxd4 Bxd4 14. Nd5 Nh6 15.
c3 Ng4+ 16. Kh1 Nf2+ 17. Rxf2 Bxf2 18. Qf3 c6 19. Nxe7 Kxe7 20. Qxf2 Bxh3 21.
Ra7+ Kf8 22. f5 Bxg2+ 23. Kxg2 gxf5 24. Qd4 Kg8 25. Qxd6 Rb7 26. Rxb7 Qxb7 27.
exf5 Qc8 28. Qf6 Qd7 29. d4 Qd5+ 30. Kf2 Qe4 31. Bd2 h4 32. Qg5+ Kf8 33. Qd8+
Kg7 34. Qg5+ Kf8 35. Qd8+ Kg7 36. Qg5+ Kf8 37. Qd8+ 1/2-1/2

[Event "Elit(Sollentuna-Skara)"]
[Site "?"]
[Date "2009.03.13"]
[Round "9"]
[White "Lindberg, Bo"]
[Black "Friberg, Hans"]
[Result "1-0"]
[WhiteElo "2423"]
[BlackElo "2287"]
[PlyCount "89"]
[EventDate "2009.??.??"]

1. d4 d5 2. Nf3 e6 3. c4 c5 4. cxd5 exd5 5. Nc3 Nc6 6. g3 Nf6 7. Bg2 Be7 8. O-O
O-O 9. Bg5 cxd4 10. Nxd4 h6 11. Be3 Re8 12. Rc1 Bf8 13. Nxc6 bxc6 14. Na4 Bg4
15. h3 Bd7 16. Bc5 Ne4 17. Bxf8 Kxf8 18. Re1 Kg8 19. Qd4 Qa5 20. a3 Rab8 21.
Red1 Re6 22. Nc5 Nxc5 23. Rxc5 Qb6 24. Rd2 Rbe8 25. e3 R8e7 26. b4 Be8 27. Ra5
Qxd4 28. Rxd4 Rd7 29. h4 Rde7 30. a4 Kf8 31. b5 cxb5 32. axb5 Rc7 33. Rxd5 Rf6
34. Rd8 Ke7 35. Ra8 Rb6 36. R8xa7 Rxa7 37. Rxa7+ Kf8 38. Ra8 Ke7 39. Bd5 f6 40.
Ra7+ Kf8 41. Ra8 Ke7 42. e4 g6 43. Ra6 Rxb5 44. Re6+ Kf7 45. Re5+ 1-0

[Event "Elit(Sollentuna-Skara)"]
[Site "?"]
[Date "2009.03.13"]
[Round "9"]
[White "Eklund, Lars-Goran"]
[Black "Sagit, Rauan"]
[Result "0-1"]
[WhiteElo "2383"]
[BlackElo "2459"]
[PlyCount "60"]

1. Nf3 Nf6 2. c4 e6 3. Nc3 Bb4 4. g4 h6 5. Qc2 Nc6 6. Rg1 d5 7. e3 a6 8. a3 Bd6
9. d4 dxc4 10. Bxc4 Qe7 11. Bd2 Bd7 12. h3 e5 13. O-O-O O-O-O 14. dxe5 Nxe5 15.
Be2 Nc6 16. Bd3 Rhe8 17. Ne2 Ne4 18. Be1 g6 19. Ned4 Nxd4 20. exd4 f5 21. gxf5
Bxf5 22. Kb1 Bf4 23. Ka1 Qf6 24. Ba5 Re6 25. Rge1 Rc6 26. Qa4 Nxf2 27. Bxf5+
Qxf5 28. d5 b5 29. Qd4 Nxd1 30. Qa7 Rc1+ 0-1

[Event "Elit(Sollentuna-Skara)"]
[Site "?"]
[Date "2009.03.13"]
[Round "9"]
[White "Bergstrom, Peter"]
[Black "Nyman, Johan"]
[Result "1-0"]
[WhiteElo "2326"]
[BlackElo "2019"]
[PlyCount "53"]

1. e4 c5 2. Nf3 Nc6 3. d4 cxd4 4. Nxd4 Nf6 5. Nc3 e5 6. Ndb5 d6 7. Bg5 a6 8.
Na3 b5 9. Bxf6 gxf6 10. Nd5 f5 11. g3 fxe4 12. Bg2 Bg7 13. Bxe4 O-O 14. c3 f5
15. Bg2 e4 16. Nc2 Ne5 17. O-O Nd3 18. Rb1 Bb7 19. Nce3 f4 20. gxf4 Nxf4 21.
Bxe4 Qh4 22. f3 Be5 23. Ng4 Nh3+ 24. Kh1 Nf4 25. Nxe5 dxe5 26. Nxf4 Bxe4 27.
Ng2 1-0

[Event "Elit(Sollentuna-Skara)"]
[Site "?"]
[Date "2009.03.13"]
[Round "9"]
[White "Jacobsson, Erik"]
[Black "Agrest, Inna"]
[Result "1-0"]
[WhiteElo "2110"]
[BlackElo "2296"]
[PlyCount "83"]

1. e4 e5 2. Nf3 Nc6 3. Bb5 f5 4. Nc3 fxe4 5. Nxe4 Nf6 6. Nxf6+ Qxf6 7. Qe2 Be7
8. Bxc6 dxc6 9. Nxe5 O-O 10. O-O Bf5 11. d4 Rae8 12. c3 Bd6 13. Bf4 c5 14. Rae1
cxd4 15. cxd4 Be6 16. Bg3 Bxa2 17. Qb5 Be6 18. Qxb7 Rb8 19. Qxa7 Rxb2 20. Qa1
Rb3 21. Re3 Qf5 22. Rxb3 Bxb3 23. Qc3 Bd5 24. Nc4 Qg6 25. Nxd6 cxd6 26. Re1 h5
27. Qa5 Be4 28. h4 d5 29. Qc7 Kh7 30. Ra1 Re8 31. Ra7 Rf8 32. Qe5 Rf7 33. Ra8
Rb7 34. Kh2 Rb2 35. Rf8 Rb1 36. f3 Bc2 37. Qxd5 Bb3 38. Qd8 Qe6 39. Rh8+ Kg6
40. Qg5+ Kf7 41. Qxh5+ g6 42. Qh7+ 1-0

[Event "Elit(Sollentuna-Skara)"]
[Site "?"]
[Date "2009.03.13"]
[Round "9"]
[White "Rosberg, Simon"]
[Black "Cederqvist, Niclas"]
[Result "1-0"]
[WhiteElo "2316"]
[BlackElo "2166"]
[PlyCount "73"]

1. d4 d5 2. c4 c6 3. Nf3 Nf6 4. Qb3 e6 5. g3 a5 6. Bg2 Be7 7. O-O O-O 8. Nbd2
Nbd7 9. Qc2 Re8 10. e4 dxe4 11. Nxe4 Nxe4 12. Qxe4 Qb6 13. Rd1 c5 14. Qe2 cxd4
15. Nxd4 Nf6 16. Nb3 a4 17. Be3 Qb4 18. Bd2 Qb6 19. Be3 Qb4 20. Nd4 Rd8 21. Nb5
Rxd1+ 22. Rxd1 Bd7 23. a3 Qa5 24. Nd6 Bc6 25. Bd2 Qa6 26. Bb4 Bxg2 27. Kxg2 Rd8
28. Nf5 Qc6+ 29. f3 exf5 30. Qxe7 Re8 31. Rd8 h6 32. Rxe8+ Nxe8 33. Qf8+ Kh7
34. Qxf7 Nf6 35. Bc3 Ne8 36. Qxf5+ Kh8 37. Qf7 1-0

[Event "Elit(Kamraterna-Upsala)"]
[Site "?"]
[Date "2009.03.14"]
[Round "10"]
[White "Lundvik, Jonas"]
[Black "Svensson, Bengt"]
[Result "1/2-1/2"]
[WhiteElo "2353"]
[BlackElo "2479"]
[PlyCount "24"]
[SourceDate "2009.03.17"]

1. d4 d5 2. c4 c6 3. cxd5 cxd5 4. Nc3 Nf6 5. Bf4 Nc6 6. e3 a6 7. Bd3 Bg4 8. f3
Bh5 9. Qb3 Na5 10. Qa4+ Nc6 11. Qb3 Na5 12. Qa4+ Nc6 1/2-1/2

[Event "Elit(Kamraterna-Upsala)"]
[Site "?"]
[Date "2009.03.14"]
[Round "10"]
[White "Svenn, Gosta"]
[Black "Johansson, Jan"]
[Result "1/2-1/2"]
[WhiteElo "2378"]
[BlackElo "2464"]
[PlyCount "75"]

1. d4 Nf6 2. c4 e6 3. Nf3 Bb4+ 4. Bd2 Qe7 5. g3 Nc6 6. a3 Bxd2+ 7. Qxd2 d5 8.
Bg2 dxc4 9. O-O Rb8 10. Rc1 b5 11. b3 Ba6 12. bxc4 bxc4 13. Ne5 Nxe5 14. dxe5
Nd7 15. Qa5 Nc5 16. Bc6+ Kf8 17. Nd2 Rb6 18. Ba4 Nxa4 19. Qxa4 Qe8 20. Qc2 Rc6
21. Ne4 Rb6 22. Rd1 h6 23. Rd4 Ke7 24. Rad1 Qc6 25. Nc5 Bb5 26. Rd7+ Qxd7 27.
Nxd7 Bxd7 28. Qxc4 Rc8 29. Qc5+ Ke8 30. Rd2 a6 31. f3 Rb5 32. Qa7 Rb6 33. Kf2
Bc6 34. Rc2 Kd7 35. Rd2+ Ke8 36. Rc2 Kd7 37. Rd2+ Ke8 38. Rc2 1/2-1/2

[Event "Elit(Kamraterna-Upsala)"]
[Site "?"]
[Date "2009.03.14"]
[Round "10"]
[White "Andersson, Fredrik"]
[Black "Hamark, Jesper"]
[Result "1-0"]
[WhiteElo "2308"]
[BlackElo "2378"]
[PlyCount "49"]

1. d4 d5 2. Nf3 Nf6 3. c4 e6 4. g3 dxc4 5. Bg2 Nc6 6. O-O Rb8 7. e3 b5 8. b3
cxb3 9. axb3 Be7 10. Ne5 Nxe5 11. dxe5 Nd7 12. Bb2 O-O 13. Rxa7 Bc5 14. Ra1 Bb7
15. Bxb7 Rxb7 16. Qf3 Qb8 17. Rd1 Nb6 18. Nc3 Re8 19. Ne4 Be7 20. Qg4 Kh8 21.
Qh5 Kg8 22. Nf6+ gxf6 23. exf6 Bf8 24. Rd4 Kh8 25. Rg4 1-0

[Event "Elit(Kamraterna-Upsala)"]
[Site "?"]
[Date "2009.03.14"]
[Round "10"]
[White "Andreasson, Ingvar"]
[Black "Glimbrandt, Torbjorn"]
[Result "1/2-1/2"]
[WhiteElo "2414"]
[BlackElo "2320"]
[PlyCount "42"]

1. b3 Nf6 2. Bb2 e6 3. Nf3 d5 4. e3 a6 5. c4 c5 6. Be2 Nc6 7. O-O Be7 8. cxd5
exd5 9. d4 O-O 10. dxc5 Bxc5 11. Nc3 Bd6 12. Rc1 Re8 13. a3 Bc7 14. Rc2 Be6 15.
Rd2 Qe7 16. Qb1 Rad8 17. Rfd1 d4 18. Nxd4 Nxd4 19. Rxd4 Bxb3 20. Rxd8 Rxd8 21.
Rxd8+ Bxd8 1/2-1/2

[Event "Elit(Kamraterna-Upsala)"]
[Site "?"]
[Date "2009.03.14"]
[Round "10"]
[White "Svensson, Mans"]
[Black "Akbarinia, Arash"]
[Result "0-1"]
[WhiteElo "2242"]
[BlackElo "2389"]
[PlyCount "60"]

1. d4 d5 2. c4 e6 3. Nc3 Be7 4. Nf3 Nf6 5. cxd5 exd5 6. Bg5 c6 7. Qc2 g6 8. e4
dxe4 9. Bxf6 Bxf6 10. Qxe4+ Kf8 11. Bc4 Bf5 12. Qf4 Qe7+ 13. Kf1 Nd7 14. Re1
Qb4 15. Bb3 h5 16. h4 a5 17. Ne4 a4 18. Nxf6 Nxf6 19. Bd1 Nd5 20. Qg3 Kg7 21.
Re5 Bg4 22. Kg1 f6 23. Re4 Rae8 24. Rxe8 Rxe8 25. Kh2 Qxb2 26. Bxa4 Qxa2 27.
Bd1 Qb2 28. Ne5 fxe5 29. Bxg4 hxg4 30. Qxg4 Qxd4 0-1

[Event "Elit(Kamraterna-Upsala)"]
[Site "?"]
[Date "2009.03.14"]
[Round "10"]
[White "Madebrink, Lars"]
[Black "Burwick, Malte"]
[Result "1/2-1/2"]
[WhiteElo "2270"]
[BlackElo "2304"]
[PlyCount "56"]

1. d4 g6 2. Nf3 Bg7 3. g3 d6 4. Bg2 Nd7 5. O-O Ngf6 6. c4 O-O 7. Nc3 e5 8. e4
c6 9. h3 Ne8 10. Be3 f5 11. Qd2 Qf6 12. Bg5 Qf7 13. dxe5 dxe5 14. exf5 gxf5 15.
b3 Qh5 16. Be7 Rf7 17. Ba3 Bf6 18. Rad1 Ng7 19. Nh2 Nf8 20. Qe2 Qg6 21. Bb2 Re7
22. Rfe1 h5 23. h4 Nfe6 24. Na4 Nd4 25. Qf1 Nge6 26. Nf3 Nxf3+ 27. Bxf3 Ng7 28.
Rd6 Qf7 1/2-1/2

[Event "Elit(Kamraterna-Upsala)"]
[Site "?"]
[Date "2009.03.14"]
[Round "10"]
[White "Lindberg, Henrik"]
[Black "Haggstrom, Olle"]
[Result "1/2-1/2"]
[WhiteElo "2268"]
[BlackElo "2228"]
[PlyCount "54"]

1. e4 e6 2. d4 d5 3. Nc3 dxe4 4. Nxe4 Nd7 5. Nf3 Ngf6 6. Bg5 Be7 7. Nxf6+ Bxf6
8. h4 h6 9. Bxf6 Qxf6 10. Qd2 O-O 11. O-O-O e5 12. dxe5 Nxe5 13. Nxe5 Qxe5 14.
Qd4 Qxd4 15. Rxd4 Be6 16. Be2 Rfd8 17. Rhd1 Rxd4 18. Rxd4 c5 19. Rd3 Bc4 20.
Re3 Bxe2 21. Rxe2 Kf8 22. Kd2 Re8 23. Rxe8+ Kxe8 24. Kd3 Kd7 25. Ke4 Ke6 26. g4
g6 27. c4 f5+ 1/2-1/2

[Event "Elit(Kamraterna-Upsala)"]
[Site "?"]
[Date "2009.03.14"]
[Round "10"]
[White "Svenn, Matti"]
[Black "Johansson, Carl Fredrik"]
[Result "0-1"]
[WhiteElo "2260"]
[BlackElo "2219"]
[PlyCount "72"]

1. e4 c5 2. Nf3 d6 3. d4 cxd4 4. Nxd4 Nf6 5. Nc3 g6 6. Be2 Bg7 7. O-O O-O 8.
Bg5 Nc6 9. Nb3 Be6 10. Kh1 h6 11. Bh4 a5 12. a4 Qc8 13. f4 Nb4 14. Bf3 Re8 15.
Rf2 Ng4 16. Re2 Bxc3 17. bxc3 Qxc3 18. Be1 Qf6 19. g3 Rec8 20. Nd4 Bd7 21. h3
Ne5 22. fxe5 dxe5 23. Nf5 Bc6 24. Nxh6+ Kg7 25. Rf2 Kxh6 26. Qc1+ Kg7 27. Qe3
Qe6 28. Kg1 Qc4 29. Bc3 f6 30. Re1 Bxa4 31. Bd2 Rh8 32. Be2 Qc8 33. Bg4 Bd7 34.
Bxd7 Qxd7 35. Bxb4 axb4 36. g4 Ra3 0-1